<?xml version="1.0" encoding="UTF-8"?>
<record
    xmlns:xsi="http://www.w3.org/2001/XMLSchema-instance"
    xsi:schemaLocation="http://www.loc.gov/MARC21/slim http://www.loc.gov/standards/marcxml/schema/MARC21slim.xsd"
    xmlns="http://www.loc.gov/MARC21/slim">

  <leader>02053nam a22003254a 4500</leader>
  <controlfield tag="003">BOLpUSFA</controlfield>
  <controlfield tag="005">20260520183401.0</controlfield>
  <controlfield tag="008">      t        bo     gr     001 | spa||</controlfield>
  <datafield tag="017" ind1=" " ind2=" ">
    <subfield code="a">4-1-4090-2024</subfield>
  </datafield>
  <datafield tag="040" ind1=" " ind2=" ">
    <subfield code="a">BOLpUSFA</subfield>
  </datafield>
  <datafield tag="041" ind1=" " ind2=" ">
    <subfield code="a">spa</subfield>
  </datafield>
  <datafield tag="044" ind1=" " ind2=" ">
    <subfield code="c">BO</subfield>
  </datafield>
  <datafield tag="082" ind1=" " ind2=" ">
    <subfield code="a">BO 305.31</subfield>
    <subfield code="b">C579e 1r.</subfield>
  </datafield>
  <datafield tag="110" ind1=" " ind2=" ">
    <subfield code="a">Centro de Investigaci&#xF3;n Social Tecnolog&#xED;a Apropiada y Capacitaci&#xF3;n (CISTAC)</subfield>
  </datafield>
  <datafield tag="245" ind1=" " ind2=" ">
    <subfield code="a">1er. Encuentro binacional Trabajo en masculinidades. Bolivia - Per&#xFA; 2023. Aportes para la construcci&#xF3;n de sociedades igualitarias, antipatriarcales, antimercantiles y decoloniales.</subfield>
  </datafield>
  <datafield tag="260" ind1=" " ind2=" ">
    <subfield code="a">La Paz:</subfield>
    <subfield code="b">CISTAC, </subfield>
    <subfield code="c">2024</subfield>
  </datafield>
  <datafield tag="300" ind1=" " ind2=" ">
    <subfield code="a">90 p.</subfield>
  </datafield>
  <datafield tag="520" ind1=" " ind2=" ">
    <subfield code="a">Encuentro binacional para la construcci&#xF3;n de una agenda regional de Trabajo en masculinidades: Aportes para la construcci&#xF3;n de sociedades igualitarias, antipatriarcales, antimercantiles y decoloniales se llev&#xF3; a cabo los d&#xED;as 1 y 2 de diciembre de 2023 en la Casa Campesina Bartolom&#xE9; de las Casas en Cusco, Per&#xFA;. Este evento fue organizado por CISTAC Masculinidades Bolivia y CISTAC Cuerpo Territorio Per&#xFA;, con el apoyo de Pan Para el Mundo (PPM), Fundaci&#xF3;n Friedrich-Ebert-Stiftung de Per&#xFA; y la Red MenEngage Latinoam&#xE9;rica.

Con el objetivo de ampliar el alcance internacional de la iniciativa de Trabajo en masculinidades, se han promovido, gestionado y desarrollado acciones en Bolivia y Per&#xFA;, logrando una gran acogida entre compa&#xF1;eros y compa&#xF1;eras acad&#xE9;mico-activistas de ambos pa&#xED;ses.

Actualmente, se est&#xE1;n llevando adelante iniciativas compartidas, apoyando la difusi&#xF3;n, promoci&#xF3;n y uso de modelos de Edu-entretenimiento, la consolidaci&#xF3;n de la Red Peruana de Masculinidades (AIMI Per&#xFA;) y del Consorcio Boliviano Cuerpo Ciudadan&#xED;a - Red de Trabajo en Masculinidades.</subfield>
  </datafield>
  <datafield tag="650" ind1=" " ind2=" ">
    <subfield code="a">Masculinidades</subfield>
  </datafield>
  <datafield tag="650" ind1=" " ind2=" ">
    <subfield code="a">Memorias</subfield>
  </datafield>
  <datafield tag="650" ind1=" " ind2=" ">
    <subfield code="a">Seminario</subfield>
  </datafield>
  <datafield tag="650" ind1=" " ind2=" ">
    <subfield code="a">G&#xE9;nero</subfield>
  </datafield>
  <datafield tag="650" ind1=" " ind2=" ">
    <subfield code="a">Patriarcado</subfield>
  </datafield>
  <datafield tag="650" ind1=" " ind2=" ">
    <subfield code="a">Diversidad sexual</subfield>
  </datafield>
  <datafield tag="650" ind1=" " ind2=" ">
    <subfield code="a">Violencia</subfield>
  </datafield>
  <datafield tag="650" ind1=" " ind2=" ">
    <subfield code="a">Machismo</subfield>
  </datafield>
  <datafield tag="651" ind1=" " ind2=" ">
    <subfield code="a">Bolivia</subfield>
  </datafield>
  <datafield tag="651" ind1=" " ind2=" ">
    <subfield code="a">Per&#xFA;</subfield>
  </datafield>
  <datafield tag="942" ind1=" " ind2=" ">
    <subfield code="2">ddc</subfield>
    <subfield code="c">LI</subfield>
    <subfield code="z">LLO</subfield>
  </datafield>
  <datafield tag="999" ind1=" " ind2=" ">
    <subfield code="c">9719</subfield>
    <subfield code="d">9719</subfield>
  </datafield>
  <datafield tag="952" ind1=" " ind2=" ">
    <subfield code="0">0</subfield>
    <subfield code="1">0</subfield>
    <subfield code="2">ddc</subfield>
    <subfield code="4">0</subfield>
    <subfield code="7">0</subfield>
    <subfield code="8">1</subfield>
    <subfield code="a">BLP</subfield>
    <subfield code="b">BLP</subfield>
    <subfield code="c">2</subfield>
    <subfield code="d">2026-05-20</subfield>
    <subfield code="e">3</subfield>
    <subfield code="l">0</subfield>
    <subfield code="o">BO 305.31 C579e 1r.</subfield>
    <subfield code="p">BLP03613</subfield>
    <subfield code="r">2026-05-20</subfield>
    <subfield code="w">2026-05-20</subfield>
    <subfield code="y">LI</subfield>
  </datafield>
  <datafield tag="952" ind1=" " ind2=" ">
    <subfield code="0">0</subfield>
    <subfield code="1">0</subfield>
    <subfield code="2">ddc</subfield>
    <subfield code="4">0</subfield>
    <subfield code="7">0</subfield>
    <subfield code="8">1</subfield>
    <subfield code="a">BEA</subfield>
    <subfield code="b">BEA</subfield>
    <subfield code="c">2</subfield>
    <subfield code="d">2026-05-20</subfield>
    <subfield code="e">3</subfield>
    <subfield code="l">0</subfield>
    <subfield code="o">BO 305.31 C579e 1r.</subfield>
    <subfield code="p">BEA01548</subfield>
    <subfield code="r">2026-05-20</subfield>
    <subfield code="w">2026-05-20</subfield>
    <subfield code="y">LI</subfield>
  </datafield>
</record>
